| 000 | 00473nam a2200193Ia 4500 | ||
|---|---|---|---|
| 005 | 20251020182608.0 | ||
| 008 | 200515s9999 xx 000 0 und d | ||
| 082 | _aSC/614.8:550(85)/C71 | ||
| 110 | _aColegio de Ingenieros del PerĂº | ||
| 245 | 0 | _aInforme sobre el terremoto del sur del PerĂº : 23 de junio 2001 | |
| 260 | _aLima | ||
| 260 | _c2001 | ||
| 300 | _a51 | ||
| 650 | _aLIB | ||
| 650 | _aPERU | ||
| 650 | _aPUB CIP | ||
| 650 | _aTERREMOTOS | ||
| 942 | _cLIB | ||
| 999 |
_c3251 _d3251 |
||